Catálogo

Economic opportunities and challenges posed by China for Mexico and Central America / (Registro nro. 64608)

Detalles MARC
000 -LEADER
fixed length control field 01577cam a2200385 i 4500
001 - CONTROL NUMBER
control field 64608
003 - CONTROL NUMBER IDENTIFIER
control field Mx-PuUPA
005 - DATE AND TIME OF LATEST TRANSACTION
control field 20220902114113.0
008 - FIXED-LENGTH DATA ELEMENTS--GENERAL INFORMATION
fixed length control field 160406s2012 mx ad gr 000 | spa d
020 ## - INTERNATIONAL STANDARD BOOK NUMBER
International Standard Book Number 3889852904
040 ## - CATALOGING SOURCE
Original cataloging agency Mx-PuUPA
Language of cataloging spa
Transcribing agency Mx-PuUPA
Modifying agency Mx-PuUPA
Description conventions rda
041 0# - LANGUAGE CODE
Language code of text/sound track or separate title eng
245 10 - TITLE STATEMENT
Title Economic opportunities and challenges posed by China for Mexico and Central America /
Statement of responsibility, etc. Enrique Dussel Peters with assistance from Liu Xue Dong
264 #1 - PRODUCTION, PUBLICATION, DISTRIBUTION, MANUFACTURE, AND COPYRIGHT NOTICE
Place of production, publication, distribution, manufacture Bonn :
Name of producer, publisher, distributor, manufacturer Deutsches Institut Für Entwicklungs Politik gGmbH,
Date of production, publication, distribution, manufacture, or copyright notice 2005
300 ## - PHYSICAL DESCRIPTION
Extent 140 páginas :
Other physical details ilustraciones, gráficas, tablas ;
Dimensions 21 cm
336 ## - CONTENT TYPE
Content type term texto
Content type code txt
Fuente rdacontent
337 ## - MEDIA TYPE
Source rdamedia
Media type term sin medio
Media type code n
338 ## - CARRIER TYPE
Source rdacarrier
Carrier type term volumen
Carrier type code nc
490 0# - SERIES STATEMENT
Series statement Studies / Deutsches Institut Für Entwichlungspolitik ;
Volume/sequential designation 8
651 #4 - SUBJECT ADDED ENTRY--GEOGRAPHIC NAME
Geographic name China
General subdivision Política económica
651 #4 - SUBJECT ADDED ENTRY--GEOGRAPHIC NAME
Geographic name China
General subdivision Condiciones económicas
651 #4 - SUBJECT ADDED ENTRY--GEOGRAPHIC NAME
Geographic name México
General subdivision Política económica
651 #4 - SUBJECT ADDED ENTRY--GEOGRAPHIC NAME
Geographic name México
General subdivision Condiciones económicas
651 #4 - SUBJECT ADDED ENTRY--GEOGRAPHIC NAME
Geographic name Centroamérica
General subdivision Política económica
651 #4 - SUBJECT ADDED ENTRY--GEOGRAPHIC NAME
Geographic name América Central
General subdivision Condiciones económica
651 #4 - SUBJECT ADDED ENTRY--GEOGRAPHIC NAME
Geographic name China
General subdivision Economía internacional
Geographic subdivision México
651 #4 - SUBJECT ADDED ENTRY--GEOGRAPHIC NAME
Geographic name México
General subdivision Economía internacional
Geographic subdivision China
651 #4 - SUBJECT ADDED ENTRY--GEOGRAPHIC NAME
Geographic name China
General subdivision Economía internacional
Geographic subdivision Centroamérica
651 #4 - SUBJECT ADDED ENTRY--GEOGRAPHIC NAME
Geographic name Centroamérica
General subdivision Economía internacional
Geographic subdivision China
700 1# - ADDED ENTRY--PERSONAL NAME
Personal name Dong, Liu Xue,
Relator term colaborador
942 ## - ADDED ENTRY ELEMENTS (KOHA)
Source of classification or shelving scheme Dewey Decimal Classification
Koha item type Libro
Classification part 338.9151072
Item part E1925
Existencias
Withdrawn status Lost status Source of classification or shelving scheme Damaged status Not for loan Collection code Home library Current library Shelving location Date acquired Source of acquisition Total Checkouts Full call number Barcode Date last seen Price effective from Koha item type
    Dewey Decimal Classification     General Biblioteca Karol Wojtyla Biblioteca Karol Wojtyla Sala general 03/12/2013 Compra   338.9151072 E1925 2005 45052 05/01/2026 03/12/2013 Libro